Cladding Safety Scheme (Record no. 121634)
[ view plain ]
| 000 -LEADER | |
|---|---|
| fixed length control field | 00955nam a22002177a 4500 |
| 008 - FIXED-LENGTH DATA ELEMENTS--GENERAL INFORMATION | |
| fixed length control field | 230725s2023 ||||| ||||o00| 0 eng d |
| 110 2# - MAIN ENTRY--CORPORATE NAME | |
| 9 (RLIN) | 6204 |
| Corporate author | Homes England |
| 245 ## - TITLE STATEMENT | |
| Title | Cladding Safety Scheme |
| 260 ## - PUBLICATION INFORMATION | |
| Publisher | Homes England, |
| Date | 24 July 2023 |
| 520 ## - ABSTRACT | |
| Abstract | Guidance for organisations taking part in the Homes England Cladding Safety Scheme to address fire risks. The Cladding Safety Scheme (CSS) is a fund that addresses fire risks associated with cladding on residential buildings.These documents include guidance on who can apply and how to apply for funding. |
| 520 ## - ABSTRACT | |
| Abstract | Applies to England |
| 650 ## - KEYWORDS | |
| Keywords | CLADDING |
| 650 ## - KEYWORDS | |
| Keywords | REMEDIATION |
| 650 ## - KEYWORDS | |
| Keywords | BUILDING SAFETY |
| 650 ## - KEYWORDS | |
| Keywords | FIRE SAFETY |
| 651 ## - SUBJECT ADDED ENTRY--GEOGRAPHIC NAME | |
| Geographic name | England |
| 690 ## - LOCAL SUBJECT ADDED ENTRY--TOPICAL TERM (OCLC, RLIN) | |
| 9 (RLIN) | 6223 |
| Topical term or geographic name as entry element | Building materials & defects |
| 690 ## - LOCAL SUBJECT ADDED ENTRY--TOPICAL TERM (OCLC, RLIN) | |
| 9 (RLIN) | 6222 |
| Topical term or geographic name as entry element | Building control |
| 710 2# - ADDED CORPORATE NAME | |
| 9 (RLIN) | 6204 |
| Added corporate author | Homes England |
| 856 ## - ONLINE RESOURCE | |
| Uniform Resource Identifier | https://www.gov.uk/government/publications/cladding-safety-scheme |
| Public note | Available on .gov.uk |
| Withdrawn status | Lost status | Source of classification or shelving scheme | Damaged status | Koha normalized classification for sorting | Not for loan | Home library | Current library | Shelving location | Date acquired | Total Checkouts | Full call number | Date last seen | Price effective from | Koha item type |
|---|---|---|---|---|---|---|---|---|---|---|---|---|---|---|
| Dewey Decimal Classification | ONLINE_PUBLICATION | Virtual | Virtual | Online | 25/07/2023 | ONLINE PUBLICATION | 25/07/2023 | 25/07/2023 | Online material |